000 00456cam a22001451 4500
082 _a796.352
_bNIC
_cL-32, P-49
100 1 _aNicklaus, Jack.
_945828
245 1 0 _aMy 55 ways to lower your golf score.
_cWith drawings by Francis Golden.
260 _aNew York,
_bSimon and Schuster
_c[1964]
300 _a125 p.
_billus. (part col.)
_c24 cm.
526 _a0
_b0
_c0
_d796_352000000000000_NIC
650 0 _aGolf.
_945829
650 0 _aMCE
_9379
942 _2ddc
_cBK
999 _c549267
_d549267